书目信息 |
| 题名: |
欠发达地区旅游影响研究
|
|
| 作者: | 刘益 著 | |
| 分册: | ||
| 出版信息: | 北京 科学出版社 2012.1 |
|
| 页数: | 155页 | |
| 开本: | 24cm | |
| 丛书名: | 企业管理理论与应用研究系列丛书 | |
| 单 册: | ||
| 中图分类: | F592.7 | |
| 科图分类: | ||
| 主题词: | 旅游业 , 不发达地区 , 不发达地区--旅游业--研究--中国 | |
| 电子资源: | ||
| ISBN: | 978-7-03-032829-8 | |
| 000 | 01125nam0 2200289 45 | |
| 001 | 1355730811 | |
| 005 | 20130515145447.04 | |
| 010 | @a978-7-03-032829-8@dCNY42.00 | |
| 100 | @a20130108d2012 em y0chiy50 ea | |
| 101 | 0 | @achi |
| 102 | @aCN@b110000 | |
| 105 | @ay z 000yy | |
| 106 | @ar | |
| 200 | 1 | @a欠发达地区旅游影响研究@AQian Fa Da Di Qu Lu^ You Ying Xiang Yan Jiu@f刘益著@FLiu Yi Zhu |
| 210 | @a北京@c科学出版社@d2012.1 | |
| 215 | @a155页@d24cm | |
| 225 | 1 | @a企业管理理论与应用研究系列丛书 |
| 300 | @a暨南大学管理学院“211工程”建设项目“企业管理理论与应用” 广东省人文社会科学重点研究基地——暨南大学企业发展研究所 教育部人文社会科学研究项目基金资助出版 | |
| 330 | @a本书内容包括:国内外旅游影响研究现状;旅游影响研究的理论基础;旅游效应的影响因素;旅游对目的地的经济影响;旅游对目的地的社会影响;旅游对目的地的环境影响等。 | |
| 461 | 0 | @12001 @a企业管理理论与应用研究系列丛书 |
| 606 | 0 | @a旅游业 |
| 606 | 0 | @a不发达地区 |
| 606 | 0 | @a不发达地区@x旅游业@x研究@y中国 |
| 690 | @aF592.7@v5 | |
| 701 | 0 | @a刘益@ALiu Yi@4著 |
| 801 | @aCN@bTANGWEI@c20130112 | |
| 905 | @b0832135-39@dF592.7@e364@f5 | |
| 欠发达地区旅游影响研究/刘益著.-北京:科学出版社,2012.1 |
| 155页;24cm.-(企业管理理论与应用研究系列丛书) |
| 暨南大学管理学院“211工程”建设项目“企业管理理论与应用” 广东省人文社会科学重点研究基地——暨南大学企业发展研究所 教育部人文社会科学研究项目基金资助出版 |
| ISBN 978-7-03-032829-8:CNY42.00 |
| 本书内容包括:国内外旅游影响研究现状;旅游影响研究的理论基础;旅游效应的影响因素;旅游对目的地的经济影响;旅游对目的地的社会影响;旅游对目的地的环境影响等。 |
| ● |
| 相关链接 |
|
|
|
|
正题名:欠发达地区旅游影响研究
索取号:F592.7/364
 
预约/预借
| 序号 | 登录号 | 条形码 | 馆藏地/架位号 | 状态 | 备注 |
| 1 | 0832135 | 208321350 | 第一样本阅览室/ [索取号:F592.7/364] | 在馆 | |
| 2 | 0832136 | 208321369 | 密集书库-资源管理系/ [索取号:F592.7/364] | 在馆 | |
| 3 | 0832137 | 208321378 | 第一借阅区/ [索取号:F592.7/364] | 在馆 | |
| 4 | 0832138 | 208321387 | 第一借阅区/ [索取号:F592.7/364] | 在馆 | |
| 5 | 0832139 | 208321396 | 第一借阅区/ [索取号:F592.7/364] | 在馆 |